| 000 | 00775nam a2200241 a 4500 | ||
|---|---|---|---|
| 999 |
_c11629 _d11629 |
||
| 001 | 11629 | ||
| 003 | BD-JhCC | ||
| 005 | 20200712102715.0 | ||
| 008 | 200712b2020 bg |||| ||a| 000 0 mul d | ||
| 020 | _a9789845100359 | ||
| 035 | _a(BD-JhCC)11629 | ||
| 040 |
_aBD-JhCC _dBD-JhCC |
||
| 041 | _amul | ||
| 082 |
_a335.009 _bSAH 2020 |
||
| 100 | _aসাহা, সনৎকুমার | ||
| 245 |
_aইতিহাসের প্রেক্ষাপটে: _bরেনেসাঁ থেকে সমাজতন্ত্র / _cসনৎকুমার সাহা । |
||
| 260 |
_aঢাকা: _bকথাপ্রকাশ; _c২০২০. |
||
| 300 |
_a221 p. : _c22 cm. |
||
| 650 | _aSocialism | ||
| 650 | _aRanascence | ||
| 942 |
_2ddc _cBK |
||